Občasník knihovníkov Bratislavského kraja bulletin Krajskej pobočky Spolku slovenských knihovníkov Bratislavského kraja

Bibliographic Details
Format: Journal
Language:Slovak
PhysicalDescription:17 zv. 21 cm
Published: Bratislava Knižnica Ružinov 2000-2016
ISSN:1335-664X
Subjects:
Online Access:http://www.kniznica-ruzinov.sk/sk/obcasnik-knihovnikov-bratislavskeho-kraja

MARC

LEADER 00000cas a2200000 a 4500
001 vtls008826464
003 SK-MaSNL
005 20260425194119.0
008 060627d20002016xo fr|p r 0 b0slo
022 |a 1335-664X 
040 |a SNK  |b slo  |c SNK  |e AACR2 
041 0 |a slo 
044 |a xo  |c SK 
072 7 |a 026/027  |x Knižnice  |2 konspekt 
072 7 |a 023  |x Riadenie knižníc  |2 konspekt 
080 |a 026/027  |2 2011 
080 |a (437.611)  |2 2011 
080 |a 023.5  |2 2011 
080 |a 050  |2 2001 
080 |a (051)-048.55  |2 2011 
210 0 |a Občas. knih. Bratisl. kraja 
222 0 |a Občasník knihovníkov Bratislavského kraja 
245 0 0 |a Občasník knihovníkov Bratislavského kraja  |b bulletin Krajskej pobočky Spolku slovenských knihovníkov Bratislavského kraja 
260 |a Bratislava  |b Knižnica Ružinov  |c 2000-2016 
300 |a 17 zv.  |c 21 cm 
310 |a 2x ročne 
362 0 |a Roč. 1, č. 1 (2000) - roč. 17, č. 1 (2016) 
500 |a Zodpovedná red.: Darina Horáková 
500 |a Evidenčné číslo: EV 981/08 
650 0 7 |a knihoveda  |2 SNKPH  |9 68931 
650 0 7 |a knihovníci  |2 SNKPH  |9 4220 
650 0 7 |a knižnice  |2 SNKPH  |9 17965 
651 7 |a Bratislavský kraj (Slovensko)  |2 SNKPHgeo  |9 160207 
655 7 |a špecializované časopisy  |2 SNKPH  |9 70509 
700 1 |a Horáková, Darina,  |d 1947-  |4 lso  |9 204722 
710 2 |a Knižnica Ružinov (Bratislava, Slovensko)  |4 pbl  |9 32803 
856 4 1 |u http://www.kniznica-ruzinov.sk/sk/obcasnik-knihovnikov-bratislavskeho-kraja 
910 |a snk 
999 |c 4273  |d 6203 
952 |t č. 1-2  |a SNK  |b SNK  |y PREZ  |7 0  |p 17A1371002  |o snkČSC 4023/16/2015  |i snk2019/29053  |8 0  |0 0  |1 0  |4 0  |d 2019-11-12  |l 0  |r 2026-02-21 21:50:05  |w 2026-02-21 
952 |t č. 1-2 + príl.  |a SNK  |b SNK  |y PREZ  |7 0  |p 17A1383383  |o snkČSC 4023/7/2006  |i snk2019/22884  |8 0  |z Príloha: Adresát verejných knižníc v Bratislavskom kraji  |0 0  |1 0  |4 0  |d 2019-09-13  |l 0  |r 2026-02-21 21:52:21  |w 2026-02-21 
952 |t č. 1-2  |a SNK  |b SNK  |y PREZ  |7 0  |p 17A1383384  |o snkČSC 4023/8/2007  |i snk2019/22899  |8 0  |0 0  |1 0  |4 0  |d 2019-09-13  |l 0  |r 2026-02-21 21:52:21  |w 2026-02-21 
952 |t č. 1-2  |a SNK  |b SNK  |y PREZ  |7 0  |p 17A1383385  |o snkČSC 4023/9/2008  |i snk2019/22900  |8 0  |0 0  |1 0  |4 0  |d 2019-09-13  |l 0  |r 2026-02-21 21:52:21  |w 2026-02-21 
952 |t č. 1-2  |a SNK  |b SNK  |y PREZ  |7 0  |p 17A1383386  |o snkČSC 4023/10/2009  |i snk2019/22901  |8 0  |0 0  |1 0  |4 0  |d 2019-09-13  |l 0  |r 2026-02-21 21:52:21  |w 2026-02-21 
952 |t č. 1-2  |a SNK  |b SNK  |y PREZ  |7 0  |p 17A1383387  |o snkČSC 4023/11/2010  |i snk2019/22904  |8 0  |0 0  |1 0  |4 0  |d 2019-09-13  |l 0  |r 2026-02-21 21:52:21  |w 2026-02-21 
952 |t č. 1-2  |a SNK  |b SNK  |y PREZ  |7 0  |p 17A1383388  |o snkČSC 4023/12/2011  |i snk2019/22905  |8 0  |0 0  |1 0  |4 0  |d 2019-09-13  |l 0  |r 2026-02-21 21:52:21  |w 2026-02-21 
952 |t č. 1-2  |a SNK  |b SNK  |y PREZ  |7 0  |p 17A1383389  |o snkČSC 4023/13/2012  |i snk2019/22906  |8 0  |0 0  |1 0  |4 0  |d 2019-09-13  |l 0  |r 2026-02-21 21:52:21  |w 2026-02-21 
952 |t č. 1-2  |a SNK  |b SNK  |y PREZ  |7 0  |p 17A1383390  |o snkČSC 4023/14/2013  |i snk2019/22907  |8 0  |0 0  |1 0  |4 0  |d 2019-09-13  |l 0  |r 2026-02-21 21:52:21  |w 2026-02-21 
952 |t č. 1-2  |a SNK  |b SNK  |y PREZ  |7 0  |p 17A1383391  |o snkČSC 4023/15/2014  |i snk2019/22910  |8 0  |0 0  |1 0  |4 0  |d 2019-09-13  |l 0  |r 2026-02-21 21:52:22  |w 2026-02-21 
952 |t č. 1  |a SNK  |b SNK  |y PREZ  |7 0  |p 17A1383230  |o snkČSC 4023/1/2000  |i snk2019/22815  |8 0  |0 0  |1 0  |4 0  |d 2019-09-12  |l 0  |r 2026-02-21 21:52:24  |w 2026-02-21 
952 |t č. 1-2  |a SNK  |b SNK  |y PREZ  |7 0  |p 17A1383231  |o snkČSC 4023/2/2001  |i snk2019/22816  |8 0  |0 0  |1 0  |4 0  |d 2019-09-12  |l 0  |r 2026-02-21 21:52:24  |w 2026-02-21 
952 |t č. 1-2  |a SNK  |b SNK  |y PREZ  |7 0  |p 17A1383232  |o snkČSC 4023/3/2002  |i snk2019/22829  |8 0  |0 0  |1 0  |4 0  |d 2019-09-12  |l 0  |r 2026-02-21 21:52:24  |w 2026-02-21 
952 |t č. 1-2  |a SNK  |b SNK  |y PREZ  |7 0  |p 17A1383233  |o snkČSC 4023/4/2003  |i snk2019/22831  |8 0  |0 0  |1 0  |4 0  |d 2019-09-12  |l 0  |r 2026-02-21 21:52:24  |w 2026-02-21 
952 |t č. 1-2  |a SNK  |b SNK  |y PREZ  |7 0  |p 17A1383234  |o snkČSC 4023/5/2004  |i snk2019/22832  |8 0  |0 0  |1 0  |4 0  |d 2019-09-12  |l 0  |r 2026-02-21 21:52:24  |w 2026-02-21 
952 |t č. 1-2  |a SNK  |b SNK  |y PREZ  |7 0  |p 17A1383382  |o snkČSC 4023/6/2005  |i snk2019/22850  |8 0  |0 0  |1 0  |4 0  |d 2019-09-12  |l 0  |r 2026-02-21 21:52:24  |w 2026-02-21